Statistiken für 10 sicherste Länder in Europa

Klicken Sie hier um das Quiz zu spielen!

Allgemein

  • Dieses Quiz wurde 496 mal gespielt
  • Das Durchschnittsergebnis liegt bei 7 aus 10

Antwortstatistiken

RankLand% Korrekt
10Schweden
94%
8Finnland
91%
6Schweiz
90%
1Island
85%
3Österreich
85%
2Dänemark
81%
9Irland
77%
4Portugal
59%
7Slowenien
44%
5Tschechien
44%

Verteilung der Resultate

Perzentil nach korrekt beantworteten Fragen

Anzahl Personen mit jedem Resultat

Ihre Resultats-Entwicklung

Sie haben dieses Quiz noch nicht gespielt